00834nam a22002417a 450000500170000001000130001702000230003003500130005303700160006604000120008208200170009410000290011124500670014026000420020727000500024930000200029950000510031965000280037065000210039894200260041999900190044595201280046420170124110001.0 aA-940665 c400.00a8186653252 aA-940665 bCen Lib/Ret aDPLbEN a347.017bBHA aBhargava, Prabha 915842 aLok adalat :cby Prabha Bhargava bjustice at the door-steps / aJaipur bINA Shree Publishers c1998 bJaipur aS-54, Geejgarh Vihar Colony e302006 a172p.c21cm(Hb) aIncludes bibliographical references and index  aJustice systems 915843 aJudiciary 93959 2ddccENh347.017mBHA c125878d125878 00104070aLbLd2015-06-23eCen Lib/Retg400.00l0o347.017 BHApA-940665r2015-06-23 00:00:00t1v400.00w2015-06-23yEN